| 000 | 01335cam a22003738a 4500 | ||
|---|---|---|---|
| 001 | 16721356 | ||
| 003 | OSt | ||
| 005 | 20140310182518.0 | ||
| 008 | 110331s2012 mou b 001 0 eng | ||
| 010 | _a 2011014087 | ||
| 020 | _a9781437707595 (pbk. : alk. paper) | ||
| 035 | _a(DNLM)101557686 | ||
| 040 |
_aDNLM/DLC _cDLC |
||
| 042 | _apcc | ||
| 050 | 0 | 0 |
_aRC 78.7.D53 _b.C59 2012 |
| 060 | 1 | 0 | _aWN 180 |
| 082 | 0 | 0 | _a616.07/54 |
| 100 | 1 |
_aCochard, Larry R. _99276 |
|
| 245 | 1 | 0 |
_aNetter's introduction to imaging / _cLarry R. Cochard ... [et al.] ; illustrations by Frank H. Netter ; contributing illustrator, Carlos A.G. Machado. |
| 246 | 1 | _aIntroduction to imaging | |
| 250 | _a1st ed. | ||
| 260 |
_aSt. Louis, Mo. : _bElsevier/Saunders, _cc2012. |
||
| 263 | _a1106 | ||
| 300 |
_a627 p. : _c29 cm. _bill. ; |
||
| 504 | _aIncludes bibliographical references and index. | ||
| 505 | 0 | _aIntroduction to imaging modalities -- Back and spinal cord -- Thorax -- Abdomen -- Pelvis and perineum -- Upper limb -- Lower limb -- Head and neck. | |
| 650 | 0 |
_aDiagnostic imaging. _98008 |
|
| 650 | 1 | 2 |
_aDiagnostic Imaging. _98008 |
| 700 | 1 |
_aNetter, Frank H. _q(Frank Henry), _d1906-1991. _99277 |
|
| 906 |
_a7 _bcbc _corignew _d1 _eecip _f20 _gy-gencatlg |
||
| 942 |
_2lcc _cSSLC |
||
| 999 |
_c13992 _d13992 |
||